00903 2200181 4500001002100000005001500021035002000036245005700056100000800113250001000121300003400131260004100165082000800206084001400214020002200228650001400250520045700264INLIS00000000000015420210226094138 a0010-02210001271 aUntung Besar Dari Berkebun PEPAYA /cUut Utami Putri0 aUut acet.1 a104hal. :bilus. ;c14x20.5cm aJawa Barat :bAkar Publishing,c2018 a634 a634 UUT u a978-602-6348-62-8 4aPertanian aPepaya merupakan salah satu jenis buah yang paling mudah ditemui, tingginya minat masyarakat terhadap konsumsi pepaya membuat buah ini menjadi salah satu komoditi yang selalu diminati pasar. Budidaya pepaya dengan teknik yang tepat memiliki prospek bisnis yang cukup menjanjikan, terlebih saat ini berbagai macam inovasi telah menjadikan pepaya sebagai bahan untuk berbagai macam produk olahan, seperti makanan ringan, suplemen, hingga bahan kosmetika.